| 000 | 01801njm a2200301Ia 4500 | ||
|---|---|---|---|
| 001 | H8629 | ||
| 003 | IT-RoPAU | ||
| 005 | 20220918181155.0 | ||
| 008 | 131025s9999 xx 000 0 und d | ||
| 040 | _aIT-RoPAU | ||
| 040 | _cIT-RoPAU | ||
| 041 | _aITALIANO | ||
| 999 |
_c102500 _d102500 |
||
| 999 | _bn.d. | ||
| 100 |
_aAA.VV. _9794 |
||
| 100 |
_eAutore musica _933688 |
||
| 100 |
_gCodice autore musica SPICS: 12000 _9796 |
||
| 245 | _aPreghiamo con Teresa di Calcutta | ||
| 250 | _a1a ed. | ||
| 260 | _aMILANO | ||
| 260 |
_bMULTIMEDIA SAN PAOLO _c2008 [1a Ed.:2008] |
||
| 300 | _aCOMPACT DISC | ||
| 500 | _aParlato con sottofondo musicale e stacchi musicali. Religioso. File Mp3. | ||
| 505 | _aDio ha un volto (pensieri e preghiere) - Credere oggi - Sofferenza - Amore comincia nella casa paterna - Testimonianza - Poveri - Amate la preghiera - Siate santi - Gioia - E suoi non lo riconobbero - Madonna. Via Crucis meditata: 1 stazione, Gesù condannato a morte - 2 stazione, Gesù è caricato della croce - 3 stazione, Gesù cade per la prima volta - 4 stazione, Gesù incontra la madre - 5 stazione, Gesù aiutato da Simone di Cirene - 6 stazione, la Veronica asciuga il volto di Gesù - 7 stazione, Gesù cade per la seconda volta - 8 stazione, Gesù consola le donne di Gerusalemme - 9 stazione, Gesù cade per la terza volta - 10 stazione, Gesù è spogliato delle vesti - 11 stazione, Gesù è inchiodato sulla croce - 12 stazione, Gesù muore sulla croce - 13 stazione, Gesù è deposto dalla croce - 14 stazione, Gesù è deposto nel sepolcro. | ||
| 511 | _aDizione di Masina Giulietta, Salerno Franca, Nardacci Benedetto | ||
| 650 |
_aRELIGIOSO [COMPACT DISC] _eCodice MATERIA SPICS: 9949 _914031 |
||
| 700 |
_aMasina Giulietta _gCodice interprete SPICS: 4052 _eInterprete _933689 |
||
| 942 |
_cCD _2ddc |
||